00620naa#a2200169#i#4500001001600000005001700016011001400033100004100047102000700088200016700095210005400262215001000316608002700326675005200353700003000405856001500435EN\\bibl\12437020260604073936.4##a2223-4608##a20260529b2026####ek#y0engy0150####ca##aRU1#aOptimization of the ratio of binding substance and hardener in an epoxy polymer in terms of the adhesion strength for its combination with metaleJournal article1#aBryanskcBryansk State Technical Universityd2026##a8 с.##aJournal article2local##aантикоррозионные. 621.45.038.72#1aIlyingStepan Viktorovich4#anaukaru.ru